Statistiques concernant Culture Générale - Série 74

Cliquez ici pour prendre le quiz!

Statistiques générales

  • Ce quiz a été pris 352 fois
  • Le résultat moyen est 6 sur 10

Statistiques - réponses

QuestionRéponse% Correct
De quelle couleur sont les jonquilles ?Jaune
98%
Quelle traversée Louis Blériot a-t-il réussie en avion le 25 juillet 1909 ?La Manche
83%
Jusqu'à combien Ricky Martin compte-t-il dans sa chanson "Maria" ?3
80%
Quel rôle a fait la célébrité de Rowan Atkinson à la télévision ?Mr Bean
60%
Quel club un golfeur utilise-t-il sur le green ?Putter
49%
Quel nom spécifique désigne les deux dernières paires de côtes ?Côtes flottantes
45%
De quel ancien ministre Martine Aubry est-elle la fille ?Jacques Delors
43%
Quel assassin Régis Laspalès a-t-il incarné au théâtre en 2006 ?Landru
41%
Quel plan français permet d'organiser les secours en cas de catastrophe ?Orsec
41%
Qui a pris N. Sarkozy et J. Hallyday comme témoins à son mariage ?Jean Reno
12%

Distribution des résultats

Percentile par nombre de réponses

% des personnes avec chaque résultat

Votre développement - résultats

Vous n’avez pas pris ce quiz